[Event "European Team Championship"]
[Site "Reykjavik ISL"]
[Date "2015.11.15"]
[EventDate "2015.11.13"]
[Round "3.6"]
[Result "1-0"]
[White "Hrant Melkumyan"]
[Black "Frode Olav Olsen Urkedal"]
[WhiteElo "2632"]
[BlackElo "2505"]
[PlyCount "75"]

1. c4 e5 2. Nc3 Nf6 3. Nf3 Nc6 4. g3 d5 5. cxd5 Nxd5 6. Bg2
Nb6 7. O-O Be7 8. d3 O-O 9. Be3 Be6 10. Qd2 Nd5 11. Rfc1 Qd7
12. Ne4 Nxe3 13. Qxe3 f6 14. Nc5 Bxc5 15. Qxc5 Rfd8 16. b4 a6
17. a4 Bd5 18. Rab1 Bxf3 19. Bxf3 Nd4 20. Kg2 c6 21. h4 Kh8
22. Rd1 Re8 23. Bh5 g6 24. Bf3 Rad8 25. Qc1 Nxf3 26. exf3 Re6
27. Rb3 Rd6 28. Rc3 Rd5 29. Qh6 Qe7 30. Rb3 Rd4 31. b5 axb5
32. axb5 c5 33. Rc1 Rxd3 34. Rxd3 Rxd3 35. h5 g5 36. Rxc5 e4
37. Rc7 exf3+ 38. Kh2 1-0

[Event "European Team Championship"]
[Site "Reykjavik ISL"]
[Date "2015.11.15"]
[EventDate "2015.11.13"]
[Round "3.7"]
[Result "1-0"]
[White "David Howell"]
[Black "Hrvoje Stevic"]
[WhiteElo "2693"]
[BlackElo "2604"]
[PlyCount "79"]

1. Nf3 d5 2. g3 g6 3. Bg2 Bg7 4. d4 c6 5. O-O Nh6 6. Nbd2 Nf5
7. c3 Nd6 8. b3 O-O 9. Ba3 a5 10. c4 b5 11. Ne5 b4 12. Bb2 Bb7
13. a3 Nd7 14. axb4 axb4 15. Nd3 Nf5 16. e3 Qb6 17. Qc2 e6
18. Rfc1 Rxa1 19. Rxa1 Ra8 20. Rxa8+ Bxa8 21. cxd5 exd5
22. Bxd5 cxd5 23. Qc8+ Bf8 24. Qxa8 Qb5 25. Nf4 Nb6 26. Qa1 g5
27. Ng2 Qd3 28. Qd1 Nd6 29. Ne1 Qf5 30. Qc2 Qd7 31. Nd3 Qf5
32. Nxb4 Ne4 33. f3 Bxb4 34. fxe4 Qg4 35. Nf1 Qxe4 36. Qc7 Qg6
37. Bc3 Bf8 38. Ba5 Na8 39. Qb7 Qe4 40. Qxa8 1-0

[Event "European Team Championship"]
[Site "Reykjavik ISL"]
[Date "2015.11.15"]
[EventDate "2015.11.13"]
[Round "3.9"]
[Result "1/2-1/2"]
[White "Dragan Solak"]
[Black "Helgi Olafsson"]
[WhiteElo "2628"]
[BlackElo "2549"]
[PlyCount "73"]

1. e4 e5 2. Nf3 Nf6 3. Nxe5 d6 4. Nf3 Nxe4 5. d4 d5 6. Bd3 Nc6
7. O-O Be7 8. c4 Nb4 9. Be2 O-O 10. Nc3 Bf5 11. a3 Nxc3
12. bxc3 Nc6 13. Re1 Re8 14. Bf4 dxc4 15. Bxc4 Bd6 16. Rxe8+
Qxe8 17. Ng5 Bg6 18. Bxd6 cxd6 19. h4 Qe7 20. Qg4 h6 21. h5
Bxh5 22. Qxh5 hxg5 23. Rd1 Rd8 24. Rd3 g4 25. Rg3 Qf6 26. Rxg4
Ne7 27. Rh4 g6 28. Qh7+ Kf8 29. Bxf7 Qxf7 30. Qh8+ Ng8 31. Rh3
Ke8 32. Rh7 Qe6 33. Rxb7 Rd7 34. Rb8+ Rd8 35. Rb7 Rd7 36. Rb8+
Rd8 37. Rb7 1/2-1/2

[Event "European Team Championship"]
[Site "Reykjavik ISL"]
[Date "2015.11.15"]
[EventDate "2015.11.13"]
[Round "3.9"]
[Result "1-0"]
[White "Mustafa Yilmaz"]
[Black "Jon Loftur Arnason"]
[WhiteElo "2594"]
[BlackElo "2500"]
[PlyCount "85"]

1. Nf3 c5 2. c4 Nc6 3. d4 cxd4 4. Nxd4 e6 5. Nc3 Qb6 6. Nb3
Nf6 7. a3 Be7 8. e4 O-O 9. Be2 d6 10. O-O Ne5 11. Be3 Qc7
12. Rc1 b6 13. f4 Ned7 14. Nd2 Bb7 15. b4 Rac8 16. Bd3 Ne8
17. Nb3 g6 18. a4 Ng7 19. Rf2 Qd8 20. Rfc2 f5 21. exf5 Nxf5
22. Bf2 Ng7 23. Be4 Qc7 24. Nb5 Qb8 25. Bxb7 Qxb7 26. Nxd6
Bxd6 27. Qxd6 Nf6 28. Bd4 Rcd8 29. Qe5 Ng4 30. Qg5 Qe4
31. Qxg4 Rxf4 32. Qe2 Rxd4 33. Nxd4 Qxd4+ 34. Kh1 Re4 35. Qd2
Qe5 36. Qc3 Qf4 37. Qg3 Qf8 38. c5 Nf5 39. Qf3 Re3 40. Qf2
bxc5 41. bxc5 Qh6 42. c6 Re2 43. c7 1-0

[Event "European Team Championship"]
[Site "Reykjavik ISL"]
[Date "2015.11.15"]
[EventDate "2015.11.13"]
[Round "3.10"]
[Result "1/2-1/2"]
[White "Daniel Fridman"]
[Black "Hedinn Steingrimsson"]
[WhiteElo "2627"]
[BlackElo "2566"]
[PlyCount "64"]

1. d4 d5 2. Nf3 Nf6 3. c4 e6 4. e3 b6 5. Nc3 Bb7 6. cxd5 exd5
7. Bb5+ c6 8. Bd3 Be7 9. O-O O-O 10. b3 Re8 11. Bb2 Bd6
12. Qc2 Nbd7 13. Rfe1 g6 14. Rad1 Rc8 15. Bf1 Bf8 16. g3 Bg7
17. Bg2 Qe7 18. Nd2 Qf8 19. Qb1 Rcd8 20. Qc1 Qd6 21. Ba3 Qb8
22. Qc2 Nf8 23. Nf3 N8d7 24. Nd2 Nf8 25. Nf3 N8d7 26. Bb2 Rc8
27. Bh3 Rcd8 28. Bg2 Rc8 29. Qb1 Rcd8 30. Qc2 Rc8 31. Qb1 Rcd8
32. Qc2 Bc8 1/2-1/2

[Event "European Team Championship"]
[Site "Reykjavik ISL"]
[Date "2015.11.15"]
[EventDate "2015.11.13"]
[Round "3.11"]
[Result "1/2-1/2"]
[White "Daniele Vocaturo"]
[Black "Nikola Djukic"]
[WhiteElo "2588"]
[BlackElo "2553"]
[PlyCount "84"]

1. d4 Nf6 2. c4 e6 3. Nc3 Bb4 4. e3 O-O 5. Nf3 d5 6. Bd3 c5
7. O-O Nc6 8. cxd5 exd5 9. dxc5 Bxc5 10. h3 Qe7 11. b3 Rd8
12. Bb2 Ne4 13. Ne2 Nb4 14. Bb1 Bf5 15. Nfd4 Bg6 16. Nf4 Rac8
17. Qg4 Nf6 18. Qg5 Bxb1 19. Raxb1 h6 20. Qh4 Ne4 21. Qg4 Qg5
22. a3 Bxd4 23. Bxd4 Qxg4 24. hxg4 Nc2 25. Rbd1 Nxa3 26. Bxa7
Nc3 27. Rd3 Nab5 28. Bb6 Rd6 29. Ba5 d4 30. Bb4 Rdd8 31. Re1
dxe3 32. Rexe3 Rxd3 33. Rxd3 Na2 34. Bd2 Nc1 35. Re3 Nd4
36. b4 Ncb3 37. Bc3 Nc2 38. Rg3 Nbd4 39. Kf1 Nb5 40. Bd2 Rd8
41. Rd3 Rxd3 42. Nxd3 Nbd4 1/2-1/2

[Event "European Team Championship"]
[Site "Reykjavik ISL"]
[Date "2015.11.15"]
[EventDate "2015.11.13"]
[Round "3.11"]
[Result "1/2-1/2"]
[White "Blazo Kalezic"]
[Black "Michele Godena"]
[WhiteElo "2440"]
[BlackElo "2508"]
[PlyCount "80"]

1. e4 e5 2. Nf3 Nc6 3. Bb5 a6 4. Ba4 Nf6 5. O-O b5 6. Bb3 Bc5
7. a4 Bb7 8. c3 d6 9. d4 Bb6 10. Bg5 h6 11. Bxf6 Qxf6 12. Bd5
O-O 13. Na3 Rfb8 14. Nc2 exd4 15. cxd4 bxa4 16. Rxa4 a5
17. Re1 Ne7 18. Bxb7 Rxb7 19. Ne3 Rd8 20. Qc2 Rbb8 21. b4 axb4
22. Rxb4 Ra8 23. Reb1 Ra6 24. h3 Rda8 25. R4b2 Ra1 26. Rxa1
Rxa1+ 27. Rb1 Rxb1+ 28. Qxb1 Qe6 29. Qc2 Qd7 30. Qc4 Qc6
31. Qxc6 Nxc6 32. Nd5 Bxd4 33. Nxd4 Nxd4 34. Nxc7 Kf8 35. f3
f5 36. Kf2 fxe4 37. fxe4 Kf7 38. Ke3 Nc2+ 39. Kd2 Nd4 40. Ke3
Nc2+ 1/2-1/2

[Event "European Team Championship"]
[Site "Reykjavik ISL"]
[Date "2015.11.15"]
[EventDate "2015.11.13"]
[Round "3.12"]
[Result "1/2-1/2"]
[White "Sune Berg Hansen"]
[Black "Yannick Pelletier"]
[WhiteElo "2566"]
[BlackElo "2566"]
[PlyCount "73"]

1. d4 Nf6 2. c4 e6 3. Nf3 Bb4+ 4. Nbd2 b6 5. a3 Bxd2+ 6. Qxd2
Bb7 7. e3 O-O 8. Be2 a5 9. b3 d5 10. O-O Nbd7 11. Bb2 Qe7
12. Rfd1 Rfd8 13. Qc2 c5 14. Ne5 Rac8 15. Nxd7 Nxd7 16. Bd3 h6
17. Qe2 e5 18. dxe5 Nxe5 19. Bf5 Ra8 20. cxd5 Bxd5 21. Bc2 Ng6
22. Qg4 Rd6 23. h4 Rad8 24. h5 Ne5 25. Qf5 f6 26. b4 Nf7
27. bxc5 bxc5 28. Bc3 Be4 29. Bxe4 Rxd1+ 30. Rxd1 Rxd1+
31. Kh2 Qc7+ 32. f4 Kf8 33. Bd5 Rc1 34. Bd2 Rd1 35. Bc3 Rc1
36. Bd2 Rd1 37. Bc3 1/2-1/2

[Event "European Team Championship"]
[Site "Reykjavik ISL"]
[Date "2015.11.15"]
[EventDate "2015.11.13"]
[Round "3.12"]
[Result "1/2-1/2"]
[White "Nico Georgiadis"]
[Black "Lars Schandorff"]
[WhiteElo "2473"]
[BlackElo "2519"]
[PlyCount "54"]

1. d4 Nf6 2. c4 e6 3. g3 Bb4+ 4. Bd2 c5 5. Bxb4 cxb4 6. Bg2
O-O 7. Nf3 d6 8. O-O Nc6 9. a3 bxa3 10. Nxa3 a6 11. c5 d5
12. Nb5 Rb8 13. Nd6 b6 14. Qa4 Qc7 15. Nxc8 Rfxc8 16. Rfc1 Nd7
17. cxb6 Rxb6 18. Rc2 Qb7 19. Rac1 Na7 20. Rxc8+ Nxc8 21. Ne5
Nf6 22. e4 Ne7 23. exd5 Nexd5 24. Ng4 Nd7 25. Ne5 N7f6 26. Ng4
Nd7 27. Ne5 N7f6 1/2-1/2

[Event "European Team Championship"]
[Site "Reykjavik ISL"]
[Date "2015.11.15"]
[EventDate "2015.11.13"]
[Round "3.12"]
[Result "1-0"]
[White "Joseph G Gallagher"]
[Black "Bjorn Moller Ochsner"]
[WhiteElo "2445"]
[BlackElo "2405"]
[PlyCount "73"]

1. e4 c5 2. Nc3 d6 3. f4 g6 4. d4 cxd4 5. Qxd4 Nf6 6. e5 Nc6
7. Bb5 dxe5 8. Qxd8+ Kxd8 9. Nf3 e4 10. Ng5 Ke8 11. Bc4 e6
12. Bd2 Bb4 13. O-O-O h6 14. Ngxe4 Nxe4 15. Nxe4 Bxd2+
16. Rxd2 Ke7 17. Rhd1 g5 18. g3 gxf4 19. gxf4 Rg8 20. h3 e5
21. Rf2 Bxh3 22. f5 Rg2 23. f6+ Kf8 24. Rh1 Rxf2 25. Nxf2 Bf5
26. Rh5 Be6 27. Rxh6 Kg8 28. Bxe6 fxe6 29. Ne4 Nd4 30. Rg6+
Kf8 31. Rg7 Rd8 32. c3 Nf5 33. Rxb7 Nd6 34. Rh7 Kg8 35. Rg7+
Kh8 36. Ng5 Rf8 37. Rd7 1-0

[Event "European Team Championship"]
[Site "Reykjavik ISL"]
[Date "2015.11.15"]
[EventDate "2015.11.13"]
[Round "3.13"]
[Result "1-0"]
[White "Mika Karttunen"]
[Black "Vlastimil Babula"]
[WhiteElo "2426"]
[BlackElo "2559"]
[PlyCount "85"]

1. d4 Nf6 2. Nf3 e6 3. Bf4 c5 4. e3 b6 5. Nc3 cxd4 6. Nxd4 Bb4
7. Nb5 O-O 8. Bc7 Qe7 9. Bd6 Bxd6 10. Qxd6 Qxd6 11. Nxd6 Ba6
12. O-O-O Rd8 13. Rd2 Kf8 14. Bb5 Bxb5 15. Ncxb5 a6 16. Nc3
Nc6 17. Rhd1 Ra7 18. e4 Ne8 19. f4 Nxd6 20. Rxd6 Ke7 21. b3
Rc8 22. Kb2 Rac7 23. Na4 Rb8 24. a3 f6 25. R1d2 Rcb7 26. h4 h5
27. R6d3 Rc7 28. Rd6 Rcb7 29. g3 Rc7 30. R6d3 Nd8 31. Nc3 b5
32. a4 b4 33. Nd1 Nb7 34. Ne3 Na5 35. Rd6 Nb7 36. Rb6 a5
37. Nc4 Ra8 38. Rb5 Nc5 39. Rd4 Rac8 40. Rxa5 e5 41. fxe5 fxe5
42. Rd5 d6 43. Nxd6 1-0

[Event "European Team Championship"]
[Site "Reykjavik ISL"]
[Date "2015.11.15"]
[EventDate "2015.11.13"]
[Round "3.13"]
[Result "1-0"]
[White "Jiri Stocek"]
[Black "Sampsa Nyysti"]
[WhiteElo "2557"]
[BlackElo "2353"]
[PlyCount "81"]

1. d4 Nf6 2. Nf3 e6 3. Bf4 c5 4. e3 b6 5. Nc3 cxd4 6. Nxd4 Bb4
7. Nb5 Nd5 8. Qf3 O-O 9. a3 Bxc3+ 10. Nxc3 Nxf4 11. Qxa8 Nc6
12. exf4 Qc7 13. g3 d5 14. Bg2 Bb7 15. Qxf8+ Kxf8 16. O-O-O g6
17. Rhe1 a6 18. Ne2 Bc8 19. Kb1 b5 20. Nd4 Na5 21. Re3 Bd7
22. Rc3 Qb8 23. Bf1 Kg7 24. Nb3 Nc4 25. Bxc4 bxc4 26. Nd2 Qa7
27. Re3 d4 28. Re5 Bb5 29. a4 Bxa4 30. Nxc4 d3 31. Rxd3 Qxf2
32. b3 Bb5 33. h4 h5 34. Kb2 Bc6 35. Ree3 Bd5 36. Rc3 Qg2
37. Nd6 Qf2 38. Red3 Qb6 39. Ne8+ Kh6 40. Nf6 Bg2 41. Rd7 1-0

[Event "European Team Championship"]
[Site "Reykjavik ISL"]
[Date "2015.11.15"]
[EventDate "2015.11.13"]
[Round "3.14"]
[Result "0-1"]
[White "Markus Ragger"]
[Black "Nils Grandelius"]
[WhiteElo "2688"]
[BlackElo "2644"]
[PlyCount "80"]

1. d4 Nf6 2. c4 e6 3. Nf3 d5 4. g3 Bb4+ 5. Bd2 Be7 6. Bg2 O-O
7. O-O c6 8. Qc2 a5 9. b3 b5 10. Ne5 bxc4 11. bxc4 Ba6 12. Bc3
Nfd7 13. Nxd7 Nxd7 14. Nd2 Qc7 15. Bb2 Qa7 16. Rfc1 Nb6 17. c5
Nc4 18. Bc3 Nxd2 19. Qxd2 Bc4 20. a4 e5 21. e3 e4 22. Rab1 Bd8
23. Bf1 Bxf1 24. Kxf1 Bc7 25. Rb3 Rfb8 26. Rcb1 Rxb3 27. Rxb3
h6 28. Qe2 g6 29. h4 h5 30. g4 hxg4 31. Qxg4 Qa6+ 32. Kg2 Kg7
33. h5 Rh8 34. Rb6 Bxb6 35. cxb6 Rxh5 36. Bxa5 Qxa5 37. b7 Qc7
38. Qc8 Qh2+ 39. Kf1 Rf5 40. f4 exf3 0-1

[Event "European Team Championship"]
[Site "Reykjavik ISL"]
[Date "2015.11.15"]
[EventDate "2015.11.13"]
[Round "3.14"]
[Result "0-1"]
[White "Jonathan Westerberg"]
[Black "Georg Froewis"]
[WhiteElo "2496"]
[BlackElo "2433"]
[PlyCount "102"]

1. e4 e6 2. d4 d5 3. Nc3 Bb4 4. Ne2 dxe4 5. a3 Bxc3+ 6. Nxc3
Nc6 7. d5 exd5 8. Qxd5 Nge7 9. Qxd8+ Nxd8 10. Nxe4 Bf5 11. Bd3
Ne6 12. Bd2 O-O-O 13. O-O-O Nd4 14. Be3 Nec6 15. Rhe1 Rhe8
16. f3 Ne5 17. Bxd4 Rxd4 18. Nd6+ Rxd6 19. Bxf5+ Kd8 20. f4
Nc4 21. Rxe8+ Kxe8 22. Re1+ Kf8 23. Bd3 Nb6 24. g3 h6 25. Re4
Nd7 26. Ra4 a6 27. Rc4 c6 28. Bf5 Ke7 29. Rb4 Nc5 30. Rb6 Rd5
31. Bg4 Kd8 32. b4 Nb3+ 33. cxb3 Kc7 34. Rxb7+ Kxb7 35. Kc2
Kb6 36. Be2 g5 37. Bc4 Rf5 38. fxg5 hxg5 39. h4 g4 40. Be2 Rf2
41. Kd3 Rg2 42. Ke3 f5 43. Kf4 Rxe2 44. Kxf5 Kc7 45. Kxg4 Kd6
46. Kg5 Ke6 47. g4 Kf7 48. Kf4 Rb2 49. Ke5 Rxb3 50. Kd6 Rxa3
51. Kxc6 Rg3 0-1

[Event "European Team Championship"]
[Site "Reykjavik ISL"]
[Date "2015.11.15"]
[EventDate "2015.11.13"]
[Round "3.15"]
[Result "1/2-1/2"]
[White "Aloyzas Kveinys"]
[Black "Viktor Bologan"]
[WhiteElo "2510"]
[BlackElo "2630"]
[PlyCount "90"]

1. d4 Nf6 2. c4 e6 3. Nc3 Bb4 4. Qc2 O-O 5. a3 Bxc3+ 6. Qxc3
d5 7. Nf3 dxc4 8. Qxc4 b6 9. Bg5 Ba6 10. Qa4 Bb7 11. e3 Nbd7
12. Be2 c5 13. O-O cxd4 14. Qxd4 h6 15. Bh4 g5 16. Bg3 Ne4
17. Rfd1 Ndc5 18. b4 Na4 19. Qd7 Qxd7 20. Rxd7 Bd5 21. Ba6
Nac3 22. Rc7 Nxg3 23. hxg3 Bxf3 24. gxf3 Nd5 25. Rc2 Rfd8
26. Rac1 Kg7 27. Kg2 Nf6 28. Rc7 Ne8 29. R7c6 Rd2 30. R1c2
Rad8 31. a4 Nf6 32. Rc7 Rxc2 33. Rxc2 Nd5 34. Rc4 e5 35. Bb7
Nf6 36. f4 exf4 37. exf4 g4 38. a5 bxa5 39. bxa5 Rd6 40. Rc8
Rd2 41. Ra8 Nd5 42. Rxa7 Ne3+ 43. Kg1 Rd1+ 44. Kh2 Rd2 45. Kg1
Rd1+ 1/2-1/2

[Event "European Team Championship"]
[Site "Reykjavik ISL"]
[Date "2015.11.15"]
[EventDate "2015.11.13"]
[Round "3.16"]
[Result "0-1"]
[White "Hogni Egilstoft Nielsen"]
[Black "Bogdan-Daniel Deac"]
[WhiteElo "2300"]
[BlackElo "2440"]
[PlyCount "78"]

1. e4 c6 2. d4 d5 3. Nc3 a6 4. Nf3 Bg4 5. Be2 e6 6. h3 Bh5
7. a3 Nf6 8. exd5 cxd5 9. g4 Bg6 10. Ne5 Nfd7 11. Nxg6 hxg6
12. Bf3 Nc6 13. Ne2 Bd6 14. Bg2 Qc7 15. Bg5 Rc8 16. Qd3 Na5
17. c3 Nc4 18. Rb1 b5 19. Bc1 Nf6 20. f4 Qc6 21. O-O Ne4
22. f5 exf5 23. gxf5 g5 24. Qf3 f6 25. Re1 O-O 26. Ra1 Rce8
27. b3 Na5 28. Rb1 Re7 29. Rf1 Bc7 30. Rd1 Qd6 31. Kf1 Rfe8
32. Ng1 Ng3+ 33. Kf2 Ne4+ 34. Kf1 Kf8 35. Bd2 Qh2 36. Be1 Bg3
37. Bxg3 Nxg3+ 38. Kf2 Re3 39. Qxd5 Re2+ 0-1

[Event "European Team Championship"]
[Site "Reykjavik ISL"]
[Date "2015.11.15"]
[EventDate "2015.11.13"]
[Round "3.16"]
[Result "1-0"]
[White "Mircea-Emilian Parligras"]
[Black "John Arni Nilssen"]
[WhiteElo "2587"]
[BlackElo "2274"]
[PlyCount "63"]

1. d4 d5 2. c4 e6 3. Nf3 c6 4. e3 Nf6 5. Nc3 a6 6. b3 Nbd7
7. Bb2 Bb4 8. a3 Bd6 9. Be2 O-O 10. Qc2 Re8 11. O-O dxc4
12. bxc4 e5 13. c5 Bc7 14. Rad1 Qe7 15. h3 e4 16. Nd2 Nf8
17. f3 exf3 18. Rxf3 Ne6 19. Nce4 Nd5 20. Nc4 f5 21. Ned6 Ng5
22. Nxe8 Nxf3+ 23. Bxf3 Qxe8 24. e4 fxe4 25. Bxe4 Nf6 26. Bf3
Qg6 27. Qxg6 hxg6 28. Re1 Bg3 29. Re3 Bf4 30. Re2 Bf5 31. Re7
Bd3 32. Ne5 1-0

[Event "European Team Championship"]
[Site "Reykjavik ISL"]
[Date "2015.11.15"]
[EventDate "2015.11.13"]
[Round "3.17"]
[Result "0-1"]
[White "Mher Hovhanisian"]
[Black "Nderim Saraci"]
[WhiteElo "2495"]
[BlackElo "2215"]
[PlyCount "78"]

1. e4 c5 2. c3 d5 3. exd5 Qxd5 4. d4 Nf6 5. Nf3 Nc6 6. Be2 e6
7. O-O cxd4 8. cxd4 Be7 9. Nc3 Qd8 10. a3 O-O 11. Be3 Nd5
12. Bd3 Nxc3 13. bxc3 b6 14. Qc2 g6 15. h4 Bf6 16. h5 Bb7
17. hxg6 hxg6 18. Bxg6 fxg6 19. Qxg6+ Bg7 20. Qxe6+ Rf7
21. Ng5 Qd7 22. Qxf7+ Qxf7 23. Nxf7 Kxf7 24. Rfe1 Rg8 25. f3
Bf6 26. Ra2 Ne7 27. Bf4 Nf5 28. Be5 Nh4 29. Kh2 Be7 30. Rf1
Bd5 31. Rc2 Nf5 32. Rb1 Bc4 33. Re1 Bh4 34. Re4 Bd3 35. Rxh4
Nxh4 36. Rf2 Ng6 37. f4 Nh4 38. g3 Nf5 39. Kh3 Rxg3+ 0-1

[Event "European Team Championship"]
[Site "Reykjavik ISL"]
[Date "2015.11.15"]
[EventDate "2015.11.13"]
[Round "3.17"]
[Result "1-0"]
[White "Avni Ermeni"]
[Black "Steven Geirnaert"]
[WhiteElo "2285"]
[BlackElo "2449"]
[PlyCount "77"]

1. Nf3 Nf6 2. c4 e6 3. g3 d5 4. Bg2 c5 5. cxd5 Nxd5 6. O-O Be7
7. d4 cxd4 8. Nxd4 Bf6 9. Nc3 O-O 10. Nxd5 exd5 11. Be3 Nd7
12. Rc1 Qa5 13. a4 Ne5 14. b3 Rd8 15. h3 Bd7 16. Qe1 Qxe1
17. Rfxe1 Nc6 18. Red1 Na5 19. Rd3 Rac8 20. Rcd1 Re8 21. Bxd5
Bxh3 22. Nb5 Bf5 23. Nd6 Bxd3 24. Rxd3 Rxe3 25. Rxe3 Rd8
26. b4 Kf8 27. Nxb7 Rxd5 28. Nxa5 Rd1+ 29. Kg2 Ra1 30. Nb3 Ra3
31. a5 g6 32. b5 Ra4 33. b6 axb6 34. axb6 Be7 35. b7 Rb4
36. Na5 Bd6 37. Rb3 Rxb3 38. Nxb3 Ke8 39. Nc5 1-0

[Event "European Team Championship"]
[Site "Reykjavik ISL"]
[Date "2015.11.15"]
[EventDate "2015.11.13"]
[Round "3.17"]
[Result "0-1"]
[White "Bedri Sadiku"]
[Black "Stef Soors"]
[WhiteElo "2197"]
[BlackElo "2394"]
[PlyCount "92"]

1. b4 d5 2. e3 e5 3. Bb2 Bd6 4. c4 dxc4 5. Bxc4 Nf6 6. a3 O-O
7. Qc2 a6 8. Nf3 Nbd7 9. Nc3 c6 10. Ng5 Qe7 11. h4 b5 12. Ba2
Nb6 13. Nce4 Bf5 14. Qxc6 Nxe4 15. Nxe4 Bxe4 16. Qxe4 Na4
17. Bc3 a5 18. O-O Kh8 19. g3 f5 20. Qd5 f4 21. exf4 exf4
22. Rae1 Nxc3 23. dxc3 Qc7 24. g4 axb4 25. cxb4 Rxa3 26. Bb1
Rh3 27. Kg2 Rxh4 28. f3 Bxb4 29. Rc1 Qe7 30. Qxb5 Bd2 31. Rcd1
Rh2+ 32. Kxh2 Qh4+ 33. Kg2 Qg3+ 34. Kh1 Qh3+ 35. Kg1 Qg3+
36. Kh1 Qh3+ 37. Kg1 Be3+ 38. Rf2 Qg3+ 39. Kh1 Qh3+ 40. Kg1
Qg3+ 41. Kh1 Bxf2 42. Qh5 Qxf3+ 43. Kh2 Bg3+ 44. Kh3 Be1+
45. Kh2 Qf2+ 46. Kh1 Qf1+ 0-1

[Event "European Team Championship"]
[Site "Reykjavik ISL"]
[Date "2015.11.15"]
[EventDate "2015.11.13"]
[Round "3.18"]
[Result "1-0"]
[White "Alexey Shirov"]
[Black "Stephen R Burns-Mannion"]
[WhiteElo "2689"]
[BlackElo "2342"]
[PlyCount "55"]

1. e4 e5 2. Nf3 Nc6 3. Bb5 a6 4. Ba4 Nf6 5. O-O Be7 6. Re1 b5
7. Bb3 d6 8. c3 O-O 9. d4 Bg4 10. Be3 Bh5 11. Nbd2 d5 12. Bg5
dxe4 13. Nxe4 exd4 14. Ng3 Bg6 15. cxd4 Re8 16. Rc1 Na5 17. h4
Nxb3 18. Qxb3 h6 19. Bxf6 gxf6 20. h5 Bh7 21. Nh4 Bd6
22. Rxe8+ Qxe8 23. Qf3 Rd8 24. Nhf5 Bf8 25. Rc6 Bxf5 26. Nxf5
Kh7 27. Rxf6 c5 28. Qf4 1-0

[Event "European Team Championship"]
[Site "Reykjavik ISL"]
[Date "2015.11.15"]
[EventDate "2015.11.13"]
[Round "3.18"]
[Result "1-0"]
[White "Arturs Neiksans"]
[Black "Andrew J Muir"]
[WhiteElo "2602"]
[BlackElo "2313"]
[PlyCount "87"]

1. d4 d5 2. c4 e6 3. Nf3 Nf6 4. g3 Be7 5. Bg2 O-O 6. O-O dxc4
7. Qc2 a6 8. Qxc4 b5 9. Qc2 Bb7 10. Bd2 Bd6 11. a3 Nbd7
12. Ba5 Ra7 13. Nbd2 Qa8 14. Nb3 Ne4 15. Bb4 a5 16. Nxa5 Rxa5
17. Bxa5 Qxa5 18. Ng5 Nxg5 19. Bxb7 e5 20. Bc6 Nb8 21. dxe5
Bxe5 22. Bg2 Ne6 23. Rfd1 c5 24. Rd5 Nc6 25. Rad1 Ncd4 26. Qd3
Bf6 27. e3 c4 28. Qxc4 bxc4 29. Rxa5 Nb3 30. Ra4 Bxb2 31. Rxc4
Nbc5 32. a4 g6 33. a5 Bf6 34. Rc2 Rd8 35. Rxd8+ Bxd8 36. Ra2
Na6 37. Bb7 Nec5 38. Bxa6 Nxa6 39. Rd2 Be7 40. Rd7 Kf8 41. Ra7
Nb4 42. Ra8+ Kg7 43. a6 Bc5 44. a7 1-0

[Event "European Team Championship"]
[Site "Reykjavik ISL"]
[Date "2015.11.15"]
[EventDate "2015.11.13"]
[Round "3.4"]
[Result "1-0"]
[White "Robert Kempinski"]
[Black "Luka Paichadze"]
[WhiteElo "2614"]
[BlackElo "2573"]
[PlyCount "113"]

1. d4 Nf6 2. c4 e6 3. Nf3 d5 4. Nc3 Bb4 5. Qa4+ Nc6 6. e3 O-O
7. Qc2 Ne7 8. a3 Bxc3+ 9. Qxc3 dxc4 10. Bxc4 b6 11. O-O Bb7
12. Ne5 Ng6 13. Nxg6 hxg6 14. f3 c5 15. dxc5 Rc8 16. e4 Rxc5
17. Be3 Rc6 18. Qb4 Qb8 19. Bb5 Rcc8 20. Rad1 Rfd8 21. Rxd8+
Rxd8 22. Be2 Qe5 23. Qb5 Qxb5 24. Bxb5 Ne8 25. Rc1 Kf8 26. a4
Nd6 27. Be2 Rc8 28. Rxc8+ Nxc8 29. Bd2 f5 30. Bb4+ Kf7 31. Bd3
Ne7 32. Kf2 Nc6 33. Bd6 Kf6 34. Ke3 g5 35. b4 Ne5 36. Be2 g6
37. Bc7 g4 38. b5 gxf3 39. gxf3 Nd7 40. Bd6 fxe4 41. fxe4 Ba8
42. h4 Bb7 43. Bd1 a5 44. Bb3 Ne5 45. Bc7 Nd7 46. e5+ Kf7
47. Kf4 Bg2 48. Bc2 Bh3 49. Be4 Bf5 50. Bc6 Ke7 51. Kg5 Bc2
52. Kh6 Bxa4 53. Kxg6 Bc2+ 54. Kg7 a4 55. Bd6+ Kd8 56. Bxd7
Kxd7 57. h5 1-0

[Event "European Team Championship"]
[Site "Reykjavik ISL"]
[Date "2015.11.15"]
[EventDate "2015.11.13"]
[Round "3.5"]
[Result "1-0"]
[White "Robert Markus"]
[Black "Loek van Wely"]
[WhiteElo "2632"]
[BlackElo "2632"]
[PlyCount "125"]

1. Nf3 c5 2. c4 Nf6 3. g3 b6 4. Bg2 Bb7 5. O-O g6 6. d3 Bg7
7. e4 O-O 8. Nc3 Nc6 9. h3 d6 10. Be3 a6 11. Qd2 Rb8 12. Rab1
e6 13. Rfd1 Qc7 14. a3 Rfd8 15. b4 Nd7 16. Ne2 Nde5 17. Ne1
Ne7 18. Rbc1 Rbc8 19. f4 N5c6 20. Nf3 e5 21. fxe5 Nxe5
22. Nxe5 Bxe5 23. Nf4 Bg7 24. Kh2 Re8 25. d4 cxd4 26. Bxd4
Bxd4 27. Qxd4 Rcd8 28. Nd5 Bxd5 29. cxd5 Qb7 30. Qf6 Kf8
31. Qh8+ Ng8 32. Qxh7 Nf6 33. Qh4 Kg7 34. Rf1 Qe7 35. Rc6 Nxe4
36. Qxe7 Rxe7 37. Re1 f5 38. Rxb6 a5 39. bxa5 Kf6 40. a6 Rdd7
41. Bxe4 fxe4 42. Rb7 Rxb7 43. axb7 Rxb7 44. Rxe4 Rb2+ 45. Kg1
Kf5 46. Re6 Ra2 47. h4 g5 48. hxg5 Kxg5 49. Rxd6 Kg4 50. Rg6+
Kf3 51. d6 Rd2 52. a4 Rd5 53. g4 Kg3 54. Kf1 Kf3 55. Ke1 Kg3
56. Ke2 Kf4 57. Kf2 Rd2+ 58. Ke1 Rd5 59. Ke2 Ke4 60. Kf2 Kf4
61. Kg2 Rd1 62. a5 Ra1 63. d7 1-0

[Event "European Team Championship"]
[Site "Reykjavik ISL"]
[Date "2015.11.15"]
[EventDate "2015.11.13"]
[Round "3.6"]
[Result "1-0"]
[White "Aryan Tari"]
[Black "Sergei Movsesian"]
[WhiteElo "2532"]
[BlackElo "2666"]
[PlyCount "119"]

1. e4 c5 2. Nf3 e6 3. d4 cxd4 4. Nxd4 Nc6 5. Nc3 a6 6. Be3 Qc7
7. Qf3 d6 8. O-O-O Nf6 9. Nxc6 Qxc6 10. Be2 Nd7 11. Qg3 b5
12. a3 Bb7 13. Bf4 e5 14. Be3 Rc8 15. Rd2 Qc7 16. Rhd1 Nf6
17. f3 Qd7 18. Kb1 Qe6 19. Nd5 Bxd5 20. exd5 Qd7 21. Qf2 g6
22. g4 Bg7 23. h4 O-O 24. h5 Rb8 25. b3 Rfc8 26. hxg6 fxg6
27. g5 Nh5 28. Bd3 a5 29. Be4 a4 30. b4 Nf4 31. Rh1 Rc3
32. Rdd1 Qe7 33. Bd2 Rc4 34. Qh4 Nh5 35. Qg4 Qf7 36. Rh4 Rf8
37. Rdh1 Qe8 38. Rxh5 gxh5 39. Rxh5 Qc8 40. Bxh7+ Kf7 41. Qxc8
Rcxc8 42. Bd3 Rh8 43. g6+ Ke7 44. Bg5+ Bf6 45. Bxf6+ Kxf6
46. Rf5+ Kxg6 47. Rxe5+ Kf7 48. Rf5+ Ke7 49. Bxb5 Rh2 50. Bc6
Rg8 51. Kb2 Rg1 52. Bxa4 Rhh1 53. Bb3 Rb1+ 54. Kc3 Rhe1 55. b5
Re3+ 56. Kb4 Rd1 57. b6 Kd7 58. Rf7+ Kc8 59. Kb5 Rc3 60. b7+
1-0

[Event "European Team Championship"]
[Site "Reykjavik ISL"]
[Date "2015.11.15"]
[EventDate "2015.11.13"]
[Round "3.7"]
[Result "1-0"]
[White "Zdenko Kozul"]
[Black "Luke McShane"]
[WhiteElo "2617"]
[BlackElo "2687"]
[PlyCount "103"]

1. d4 d5 2. c4 c6 3. e3 Bf5 4. Nc3 e6 5. g4 Bg6 6. Nge2 Bd6
7. Qb3 Na6 8. Nf4 Rb8 9. cxd5 exd5 10. h4 Nf6 11. g5 Bxf4
12. gxf6 Bh6 13. fxg7 Bxg7 14. h5 Bf5 15. Rg1 Bh6 16. Qa4 Qd6
17. Bxa6 bxa6 18. Qxa6 Bd7 19. b3 Qh2 20. Ne2 Bf8 21. Ba3 Bxa3
22. Qxa3 Rb7 23. Rc1 Qxh5 24. Qd6 Qf5 25. Nf4 h5 26. Kd2 h4
27. Rg7 Kd8 28. Rcg1 Re8 29. Rg8 Kc8 30. Rxe8+ Bxe8 31. Rg8
Qd7 32. Qe5 Kd8 33. Qh8 Qe7 34. Nh5 Qa3 35. Rxe8+ Kc7 36. Ke1
Qxa2 37. Re7+ Kb6 38. Qd8+ Ka6 39. Qc8 Qxb3 40. Qxc6+ Rb6
41. Qc8+ Kb5 42. Rxa7 Qb4+ 43. Kd1 Qc4 44. Qxc4+ dxc4 45. Nf4
Rh6 46. Kc2 h3 47. Ra1 h2 48. Rh1 Kb4 49. Nd5+ Kb5 50. Kc3 Rh8
51. Nb4 f5 52. Nc2 1-0